| 000 | nam a22 a 4500 | ||
|---|---|---|---|
| 999 |
_c160126 _d160126 |
||
| 003 | BLK | ||
| 005 | 20220221143848.0 | ||
| 008 | 180410b bul|||||r ||||||| ||bul|| | ||
| 040 | _aBLK | ||
| 041 |
_aBUL _cBUL |
||
| 080 |
_aБългарски език _b811.163.2 _x-087 _z811.163.2-087 |
||
| 139 |
_aБългарска диалектология _bБ 92 |
||
| 245 | 1 | 0 |
_aБългарска диалектология _bПроучвания и материали : Кн. 1 - _cред. на том Ст. Касабов; * Ст. Илчев; * Кирил Мирчев; * Стойко Иванов Стойков; * Максим Славчев Младенов; * М. Лилов. _nКн. 2 |
| 257 | _aBGR | ||
| 260 |
_bБАН _c1962 - _aСофия |
||
| 300 | _c25 см | ||
| 380 | _a80 | ||
| 650 | 4 |
_aБългарски език - диалекти _9241883 |
|
| 653 | _aбългарски език | ||
| 653 | _aдиалекти | ||
| 700 | 1 |
_aКасабов, Ст. _eред. на том _9381625 |
|
| 700 | 1 |
_aИлчев, Ст. _e* _9381626 |
|
| 700 | 1 |
_aМирчев, Кирил _e* _9381619 |
|
| 700 | 1 |
_aСтойков, Стойко Иванов _e* _9363446 |
|
| 700 | 1 |
_aМладенов, Максим Славчев _e* _9363838 |
|
| 700 | 1 |
_aЛилов, М. _e* _9334771 |
|
| 760 | 1 |
_d1965 _h322 с. _nДр. ред.: М. Сл. Младенов, Ст. Стойков. - Изд. на БАН. Отд. за езикознание, литературознание и изкуствознание. - 1 000 тир. _tКн. 2 |
|
| 852 |
_aЦб 25111 _bЦб |
||
| 856 | 4 | _qpdf | |
| 856 | 4 | _qpdf | |
| 942 |
_cKNG _n0 _s1 |
||
| 944 |
_aCR _c14.11.2014 _l14.11.2014 - от С1,Р / 14.11.2014 _kНаталия_Любомирова |
||
| 944 |
_aED _c2022-02-21 _l2022-02-21 |
||
| 999 | _d160126 | ||